000 00629nam a2200205 i 4500
001 123840
003 ES-SlBCS
005 20210327224223.0
008 010917s1955 it 000 0 lat d
040 _aBUSC.
_bgao.
_dARCHIDOC
_cES-SlBCS
245 0 0 _aInscriptiones orationes epistulae
_cAntonii Bacci
250 _aEd. tertia
260 _aRomae :
_bSocietas Libraria Studium
_c, 1955
300 _a357 p ;
_c22 cm
500 _aE o v. 2 de: Varia latinitatis scripta
650 1 4 _aInscripciones Latinas
_990379
700 1 _aBacci, Antonio
_eed. lit.
_9113563
740 0 1 _aVaria Latinitatis Scripta
942 _2lcc
_cBK
999 _c476860
_d476860